000 00363nam a2200145Ia 4500
008 191201s2005 xx 000 0 und d
082 _a620.04
_bVEE
100 _aVENU GOPAL, K
245 0 _aEngineering Drawing and Graphics AutoCAD
250 _a4th
260 _aN.Delhi
_bNew Age International
_c2005
300 _a490
650 _aB.Tech(ME)
942 _2ddc
_cBK
999 _c796
_d796